00371nam a2200145Ia 4500008004100000020001500041041000800056082001700064100002100081245003400102250000600136260006200142300001200204650000900216210716s2003 xx 000 0 und d a8181280792 aeng a005.276 KURB aKurniawan, Budi. aReal world .net applications. a1 aMumbaibShroff Publishers and Distributors Pvt Ltdc2003 axiv,608 aNone